Data communications and networking / (Record no. 186251)

MARC details
000 -LEADER
fixed length control field 00692nam a2200217Ia 4500
005 - DATE AND TIME OF LATEST TRANSACTION
control field 20230705113353.0
008 - FIXED-LENGTH DATA ELEMENTS--GENERAL INFORMATION
fixed length control field 210716s2006 xx 000 0 und d
020 ## - INTERNATIONAL STANDARD BOOK NUMBER
International Standard Book Number 0070584087
040 ## - CATALOGING SOURCE
Transcribing agency AIMIT LIBRARY
041 ## - LANGUAGE CODE
Language code of text/sound track or separate title eng
082 ## - DEWEY DECIMAL CLASSIFICATION NUMBER
Classification number 004.65
Edition number 3
Item number FORB
100 ## - MAIN ENTRY--PERSONAL NAME
Personal name Forouzan, Behrouz A.
9 (RLIN) 125580
245 ## - TITLE STATEMENT
Title Data communications and networking /
Statement of responsibility, etc. By Behrouz A Forouzan.
250 ## - EDITION STATEMENT
Edition statement 3rd ed.
260 ## - PUBLICATION, DISTRIBUTION, ETC.
Place of publication, distribution, etc. New Delhi :
Name of publisher, distributor, etc. Tata McGraw Hill Publishing Company Ltd ,
Date of publication, distribution, etc. 2006.
300 ## - PHYSICAL DESCRIPTION
Extent xxxiv,973p. ;
Other physical details PB
Dimensions 23 cm.
650 ## - SUBJECT ADDED ENTRY--TOPICAL TERM
Topical term or geographic name entry element Physical layer
9 (RLIN) 125581
650 ## - SUBJECT ADDED ENTRY--TOPICAL TERM
Topical term or geographic name entry element Digital transmission
9 (RLIN) 125582
650 ## - SUBJECT ADDED ENTRY--TOPICAL TERM
Topical term or geographic name entry element Circuit switching and telephone network
9 (RLIN) 125583
942 ## - ADDED ENTRY ELEMENTS (KOHA)
Source of classification or shelving scheme Dewey Decimal Classification
Koha item type Book
Edition 3rd
Holdings
Withdrawn status Lost status Source of classification or shelving scheme Damaged status Not for loan Collection code Home library Current library Source of acquisition Cost, normal purchase price Inventory number Total Checkouts Full call number Barcode Date last seen Cost, replacement price Price effective from Koha item type
    Dewey Decimal Classification     MCA St Aloysius Institute of Management & Information Technology St Aloysius Institute of Management & Information Technology Intel Book Distributors 295.00 Bill no:8894; Bill dt:2004-03-04   004.65 FORB MCA05759 07/21/2025 236.00 07/16/2021 Book
    Dewey Decimal Classification     MCA St Aloysius Institute of Management & Information Technology St Aloysius Institute of Management & Information Technology L B Publishers and Distributors 295.00 Bill no:2004/951; Bill dt:2004-0   004.65 FORB MCA06275 07/21/2025 250.75 07/16/2021 Book